| 000 | 00824nam a2200265Ia 4500 | ||
|---|---|---|---|
| 003 | OSt | ||
| 005 | 20220928103629.0 | ||
| 006 | a|||||r|||| 00| 0 | ||
| 007 | ta | ||
| 008 | 220927b |||||||| |||| 00| 0 eng d | ||
| 020 | _c588.05949999999996 | ||
| 024 | _a111303 | ||
| 037 |
_b1269, 14/03/2011, Ashutosh Technical Books _cTextual |
||
| 040 |
_aSDCL _cSDCL _beng |
||
| 041 |
_2eng _aeng |
||
| 082 | _aB, K4.1 | ||
| 100 |
_aYaglom A M _9405913 |
||
| 245 | 0 | _aChallenging mathematical problems with elementary solutions.V1. | |
| 260 |
_aNew York _b Dover Publication _c1964 |
||
| 300 |
_a231p. _ccm. |
||
| 650 |
_aMathematics _9405914 |
||
| 700 |
_a Yaglom I M _9405915 |
||
| 942 |
_hB, K4.1 _cTEXL _2CC |
||
| 999 |
_c721524 _d721524 |
||